<?xml version="1.0" encoding="UTF-8"?>
<record
    xmlns:xsi="http://www.w3.org/2001/XMLSchema-instance"
    xsi:schemaLocation="http://www.loc.gov/MARC21/slim http://www.loc.gov/standards/marcxml/schema/MARC21slim.xsd"
    xmlns="http://www.loc.gov/MARC21/slim">

  <leader>02268cam a22004097a 4500</leader>
  <datafield tag="999" ind1=" " ind2=" ">
    <subfield code="c">77279</subfield>
    <subfield code="d">314556</subfield>
  </datafield>
  <controlfield tag="001">16077562</controlfield>
  <controlfield tag="003">OSt</controlfield>
  <controlfield tag="005">20190822112221.0</controlfield>
  <controlfield tag="008">100201s2009    enka     b    001 0 eng d</controlfield>
  <datafield tag="010" ind1=" " ind2=" ">
    <subfield code="a">  2010286053</subfield>
  </datafield>
  <datafield tag="015" ind1=" " ind2=" ">
    <subfield code="a">GBA932921</subfield>
    <subfield code="2">bnb</subfield>
  </datafield>
  <datafield tag="016" ind1="7" ind2=" ">
    <subfield code="a">101513062</subfield>
    <subfield code="2">DNLM</subfield>
  </datafield>
  <datafield tag="016" ind1="7" ind2=" ">
    <subfield code="a">015103060</subfield>
    <subfield code="2">Uk</subfield>
  </datafield>
  <datafield tag="020" ind1=" " ind2=" ">
    <subfield code="a">9780340927731 (pbk.)</subfield>
  </datafield>
  <datafield tag="020" ind1=" " ind2=" ">
    <subfield code="a">0340927739 (pbk.)</subfield>
  </datafield>
  <datafield tag="035" ind1=" " ind2=" ">
    <subfield code="a">(OCoLC)ocn317748098</subfield>
  </datafield>
  <datafield tag="040" ind1=" " ind2=" ">
    <subfield code="a">NLM</subfield>
    <subfield code="c">NLM</subfield>
    <subfield code="d">UKM</subfield>
    <subfield code="d">BTCTA</subfield>
    <subfield code="d">YDXCP</subfield>
    <subfield code="d">CDX</subfield>
    <subfield code="d">VAM</subfield>
    <subfield code="d">DLC</subfield>
  </datafield>
  <datafield tag="042" ind1=" " ind2=" ">
    <subfield code="a">ukblcatcopy</subfield>
    <subfield code="a">nlmcopyc</subfield>
    <subfield code="a">lccopycat</subfield>
  </datafield>
  <datafield tag="050" ind1="0" ind2="0">
    <subfield code="a">RC271.R3</subfield>
    <subfield code="b">P72 2009</subfield>
  </datafield>
  <datafield tag="060" ind1="0" ind2="0">
    <subfield code="a">2009 I-171</subfield>
  </datafield>
  <datafield tag="060" ind1="1" ind2="0">
    <subfield code="a">QZ 269</subfield>
    <subfield code="b">P895 2009</subfield>
  </datafield>
  <datafield tag="082" ind1="0" ind2="4">
    <subfield code="a">616.9940642</subfield>
    <subfield code="2">22</subfield>
    <subfield code="b">PRR</subfield>
  </datafield>
  <datafield tag="245" ind1="0" ind2="0">
    <subfield code="a">Practical radiotherapy planning.</subfield>
  </datafield>
  <datafield tag="250" ind1=" " ind2=" ">
    <subfield code="a">4th ed. /</subfield>
    <subfield code="b">Ann Barrett ... [et al.].</subfield>
  </datafield>
  <datafield tag="260" ind1=" " ind2=" ">
    <subfield code="a">London :</subfield>
    <subfield code="b">Hodder Arnold,</subfield>
    <subfield code="c">c2009.</subfield>
  </datafield>
  <datafield tag="300" ind1=" " ind2=" ">
    <subfield code="a">viii, 468 p. :</subfield>
    <subfield code="b">ill. ;</subfield>
    <subfield code="c">24 cm.</subfield>
  </datafield>
  <datafield tag="500" ind1=" " ind2=" ">
    <subfield code="a">Jane Dobbs's name appears first on the previous ed.</subfield>
  </datafield>
  <datafield tag="504" ind1=" " ind2=" ">
    <subfield code="a">Includes bibliographical references and index.</subfield>
  </datafield>
  <datafield tag="505" ind1="0" ind2=" ">
    <subfield code="a">What you need to know before planning radiotherapy treatment -- Principles of radiotherapy planning -- Radiobiology and treatment planning -- Organs at risk and tolerance of normal tissues -- Principles of brachytherapy -- Emergency and palliative radiotherapy -- Skin -- Head and neck: general considerations -- Lip, ear, nose and treatment of the neck in skin cancer -- Oral cavity -- Oropharynx cancer and unknown primary tumour -- Hypopharynx -- Nasopharynx -- Larynx -- Salivary glands -- Sinuses: maxilla, ethmoid and nasal cavity tumours -- Orbit -- Central nervous system -- Thyroid and thymoma -- Lung -- Mesothelioma -- Breast -- Lymphomas -- Oesophagus and stomach -- Pancreas and liver -- Rectum -- Anus -- Prostate -- Bladder -- Testis -- Penis -- Cervix -- Uterus -- Vagina -- Vulva -- Sarcoma -- Paediatric tumours -- Systemic irradiation.</subfield>
  </datafield>
  <datafield tag="650" ind1=" " ind2="0">
    <subfield code="a">Tumors</subfield>
    <subfield code="x">Radiotherapy.</subfield>
    <subfield code="9">74922</subfield>
  </datafield>
  <datafield tag="650" ind1="1" ind2="2">
    <subfield code="a">Neoplasms</subfield>
    <subfield code="x">radiotherapy.</subfield>
    <subfield code="9">74923</subfield>
  </datafield>
  <datafield tag="650" ind1="2" ind2="2">
    <subfield code="a">Radiotherapy</subfield>
    <subfield code="x">methods.</subfield>
    <subfield code="9">74924</subfield>
  </datafield>
  <datafield tag="700" ind1="1" ind2=" ">
    <subfield code="a">Barrett, Ann.</subfield>
    <subfield code="9">74925</subfield>
  </datafield>
  <datafield tag="906" ind1=" " ind2=" ">
    <subfield code="a">7</subfield>
    <subfield code="b">cbc</subfield>
    <subfield code="c">copycat</subfield>
    <subfield code="d">2</subfield>
    <subfield code="e">ncip</subfield>
    <subfield code="f">20</subfield>
    <subfield code="g">y-gencatlg</subfield>
  </datafield>
  <datafield tag="942" ind1=" " ind2=" ">
    <subfield code="2">ddc</subfield>
    <subfield code="c">BOOK</subfield>
  </datafield>
  <datafield tag="952" ind1=" " ind2=" ">
    <subfield code="1">0</subfield>
    <subfield code="2">2019-08-22</subfield>
    <subfield code="4">0</subfield>
    <subfield code="7">0</subfield>
    <subfield code="a">616.9940642 PRR</subfield>
    <subfield code="d">2019-08-22</subfield>
    <subfield code="h">CL</subfield>
    <subfield code="i">00158032</subfield>
    <subfield code="m">CL</subfield>
    <subfield code="r">2019-08-22 00:00:00</subfield>
    <subfield code="t">BOOK</subfield>
    <subfield code="w">ddc</subfield>
    <subfield code="y">0</subfield>
  </datafield>
  <datafield tag="952" ind1=" " ind2=" ">
    <subfield code="1">0</subfield>
    <subfield code="2">2019-08-22</subfield>
    <subfield code="4">0</subfield>
    <subfield code="7">0</subfield>
    <subfield code="a">616.9940642 PRR</subfield>
    <subfield code="d">2019-08-22</subfield>
    <subfield code="h">CL</subfield>
    <subfield code="i">00158033</subfield>
    <subfield code="m">CL</subfield>
    <subfield code="r">2019-08-22 00:00:00</subfield>
    <subfield code="t">BOOK</subfield>
    <subfield code="w">ddc</subfield>
    <subfield code="y">0</subfield>
  </datafield>
  <datafield tag="952" ind1=" " ind2=" ">
    <subfield code="1">0</subfield>
    <subfield code="2">2019-08-22</subfield>
    <subfield code="4">0</subfield>
    <subfield code="7">0</subfield>
    <subfield code="a">616.9940642 PRR</subfield>
    <subfield code="d">2019-08-22</subfield>
    <subfield code="h">CL</subfield>
    <subfield code="i">00158034</subfield>
    <subfield code="m">CL</subfield>
    <subfield code="r">2019-08-22 00:00:00</subfield>
    <subfield code="t">BOOK</subfield>
    <subfield code="w">ddc</subfield>
    <subfield code="y">0</subfield>
  </datafield>
  <datafield tag="952" ind1=" " ind2=" ">
    <subfield code="1">0</subfield>
    <subfield code="2">2019-08-22</subfield>
    <subfield code="4">0</subfield>
    <subfield code="7">0</subfield>
    <subfield code="a">616.9940642 PRR</subfield>
    <subfield code="d">2019-08-22</subfield>
    <subfield code="h">AMF</subfield>
    <subfield code="i">00158035</subfield>
    <subfield code="m">AMF</subfield>
    <subfield code="r">2019-08-22 00:00:00</subfield>
    <subfield code="t">BOOK</subfield>
    <subfield code="w">ddc</subfield>
    <subfield code="y">0</subfield>
  </datafield>
  <datafield tag="952" ind1=" " ind2=" ">
    <subfield code="1">0</subfield>
    <subfield code="2">2019-08-22</subfield>
    <subfield code="4">0</subfield>
    <subfield code="7">0</subfield>
    <subfield code="a">616.9940642 PRR</subfield>
    <subfield code="d">2019-08-22</subfield>
    <subfield code="h">AMF</subfield>
    <subfield code="i">00158036</subfield>
    <subfield code="m">AMF</subfield>
    <subfield code="q">2021-09-28</subfield>
    <subfield code="r">2021-09-29 00:00:00</subfield>
    <subfield code="t">BOOK</subfield>
    <subfield code="w">ddc</subfield>
    <subfield code="y">1</subfield>
  </datafield>
  <datafield tag="952" ind1=" " ind2=" ">
    <subfield code="1">0</subfield>
    <subfield code="2">2022-03-14</subfield>
    <subfield code="4">0</subfield>
    <subfield code="7">0</subfield>
    <subfield code="a">616.9940642 PRR</subfield>
    <subfield code="d">2022-03-14</subfield>
    <subfield code="h">SZM</subfield>
    <subfield code="i">00168985</subfield>
    <subfield code="m">SZM</subfield>
    <subfield code="r">2022-03-14 00:00:00</subfield>
    <subfield code="t">BOOK</subfield>
    <subfield code="w">ddc</subfield>
    <subfield code="y">0</subfield>
  </datafield>
  <datafield tag="952" ind1=" " ind2=" ">
    <subfield code="1">0</subfield>
    <subfield code="2">2022-03-14</subfield>
    <subfield code="4">0</subfield>
    <subfield code="7">0</subfield>
    <subfield code="a">616.9940642 PRR</subfield>
    <subfield code="d">2022-03-14</subfield>
    <subfield code="h">SZM</subfield>
    <subfield code="i">00168986</subfield>
    <subfield code="m">SZM</subfield>
    <subfield code="r">2022-03-14 00:00:00</subfield>
    <subfield code="t">BOOK</subfield>
    <subfield code="w">ddc</subfield>
    <subfield code="y">0</subfield>
  </datafield>
  <datafield tag="952" ind1=" " ind2=" ">
    <subfield code="1">0</subfield>
    <subfield code="2">2022-03-14</subfield>
    <subfield code="4">0</subfield>
    <subfield code="7">0</subfield>
    <subfield code="a">616.9940642 PRR</subfield>
    <subfield code="d">2022-03-14</subfield>
    <subfield code="h">SGF</subfield>
    <subfield code="i">00168987</subfield>
    <subfield code="m">SGF</subfield>
    <subfield code="r">2022-03-14 00:00:00</subfield>
    <subfield code="t">BOOK</subfield>
    <subfield code="w">ddc</subfield>
    <subfield code="y">0</subfield>
  </datafield>
  <datafield tag="952" ind1=" " ind2=" ">
    <subfield code="1">0</subfield>
    <subfield code="2">2022-03-14</subfield>
    <subfield code="4">0</subfield>
    <subfield code="7">0</subfield>
    <subfield code="a">616.9940642 PRR</subfield>
    <subfield code="d">2022-03-14</subfield>
    <subfield code="h">SGF</subfield>
    <subfield code="i">00168988</subfield>
    <subfield code="m">SGF</subfield>
    <subfield code="r">2022-03-14 00:00:00</subfield>
    <subfield code="t">BOOK</subfield>
    <subfield code="w">ddc</subfield>
    <subfield code="y">0</subfield>
  </datafield>
</record>
